000
00275nam a22001217a 4500
020
_a
978-0-7515-3889-2
082
_a
823
_b
SPA/N
100
_a
SPARKS NICHOLAS
245
_a
NIGHTS IN RODANTHE
260
_a
LONDON
_b
WARNER BOOKS
650
_a
ENGLISH NOVEL
_z
LONDON
942
_c
BK
999
_c
3301
_d
3301